The evolution of International business 1800-1945. Volume II : British investments and the American mining frontier, 1860-1901 /
The background of investment. Individual promoters. Co-operative promotion. Promotional methods and techniques. Capitalization problems. Management problems...
Salvato in:
| Autore principale: | |
|---|---|
| Natura: | Libro |
| Lingua: | English |
| Pubblicazione: |
London ; New York :
Routledge,
2000.
|
| Soggetti: | |
| Tags: |
Aggiungi Tag
Nessun Tag, puoi essere il primo ad aggiungerne! !
|
| Thư viện lưu trữ: | Mạng thư viện Đại học Đà Nẵng |
|---|
| LEADER | 01296cam a2200361 i 4500 | ||
|---|---|---|---|
| 001 | 000049715 | ||
| 003 | 9726 | ||
| 005 | 20030314091724.0 | ||
| 008 | 010406|2000 vm 000 eng | ||
| 020 | |a 0415190096 | ||
| 040 | |a IRC |c IRC |d IRC | ||
| 041 | 0 | |a eng | |
| 082 | 1 | 4 | |a 332.67341078 |b SP-C |
| 100 | 1 | |a Spence, Clark C. | |
| 245 | 0 | 4 | |a The evolution of International business 1800-1945. |n Volume II : |p British investments and the American mining frontier, 1860-1901 / |c Clark C. Spence. |
| 260 | |a London ; New York : |b Routledge, |c 2000. | ||
| 300 | |a ix, 288 p. : |b ill. ; |c 22cm. | ||
| 520 | 3 | |a The background of investment. Individual promoters. Co-operative promotion. Promotional methods and techniques. Capitalization problems. Management problems... | |
| 630 | 0 | 4 | |a Economics. |
| 630 | 0 | 4 | |a Investments. |
| 650 | 0 | 4 | |a Mineral industries |z West (U.S.) |x Foreign ownership |x History |y 19th century. |
| 650 | 0 | 4 | |a Corporations, British |z West (U.S.) |x History |y 19th century. |
| 650 | 0 | 4 | |a Investments, British - West (U.S.) |x History |y 19th century. |
| OWN | |a DUT | ||
| 999 | |a From the UDN01 | ||
| TYP | |a Monograph | ||
| TYP | |a Printed language | ||
| 980 | |a Mạng thư viện Đại học Đà Nẵng | ||


